Catastrophe or new society? A Latin American world model
Na minha lista:
| Main Authors: | , , , , , , , , , |
|---|---|
| Formato: | Livro |
| Idioma: | inglês |
| Publicado em: |
Ottawa
International Development Research Centre
1976
|
| Colecção: | IRDC-064e
|
| Assuntos: | |
| Tags: |
Adicionar Tag
Sem tags, seja o primeiro a adicionar uma tag!
|
MARC
| LEADER | 00000nam a2200000 a 4500 | ||
|---|---|---|---|
| 001 | UCQ0891 | ||
| 003 | CL-VaPUC | ||
| 008 | 980703e19760000CN |||||||||||||||||eng|d | ||
| 082 | 0 | 4 | |a 330.98 |b HER |2 21 |
| 100 | |a Herrera, Amílcar O |e author |9 494252 | ||
| 700 | 0 | |a Scolnik, Hugo D |e author |9 414285 | |
| 700 | 0 | |a Chichilnisky, Graciela |e author |9 414286 | |
| 700 | |a Gallopin, Gilberto C |e author |9 494255 | ||
| 700 | |a Hardoy, Jorge Enrique |e author |9 619715 | ||
| 700 | 0 | |a Mosovich, Diana |e author |9 414289 | |
| 700 | 0 | |a Oteiza, Enrique |e author |9 414290 | |
| 700 | 0 | |a Romero Brest, Gilda L. de |e author |9 414291 | |
| 700 | 0 | |a Suárez, Carlos E |e author |9 414292 | |
| 700 | 0 | |a Talavera, Luis |e author |9 414293 | |
| 245 | 1 | 0 | |a Catastrophe or new society? A Latin American world model |
| 300 | |a 108 p | ||
| 942 | |c BK | ||
| 945 | |d 19980703 00:00:00 |a crobeson | ||
| 260 | |a Ottawa |b International Development Research Centre |c 1976 | ||
| 650 | 0 | |a Condiciones económicas |9 258255 | |
| 650 | 0 | |a Modelos matemáticos |9 259437 | |
| 650 | 7 | |a SUBDESARROLLO |2 CL-VaPUC |9 337696 | |
| 650 | 0 | |a Problemas sociales |9 258537 | |
| 650 | 0 | |a Demografía |9 260008 | |
| 650 | 0 | |a Salud |9 258663 | |
| 650 | 0 | |a Vivienda |9 258662 | |
| 650 | 0 | |a Urbanización |9 265706 | |
| 650 | 0 | |a Alimentación |9 334197 | |
| 650 | 0 | |a Educación |9 258661 | |
| 650 | 7 | |a POBLACION MUNDIAL |2 CL-VaPUC |9 334656 | |
| 650 | 0 | |a Crecimiento económico |9 314037 | |
| 651 | 0 | |a América Latina |9 255027 | |
| 583 | |a last modification |c 19980703 00:00:00 |k Rodrigo Vera | ||
| 490 | 0 | |a IRDC-064e | |
| 999 | |c 271918 |d 271916 | ||
| 952 | |0 0 |1 0 |4 0 |6 330_980000000000000_HER_1976 |7 0 |8 P |9 306709 |a BIBGIM |b BIBGIM |d 2019-11-20 |i 1429418 |o 330.98 HER 1976 |p 1429418 |r 2025-01-15 |w 2019-11-20 |y BK |k COM | ||